02681naa a2200193 a 450000100080000000500110000800800410001910000170006024501090007726000090018652020700019565000220226565000160228765000180230370000210232170000160234270000180235877301110237611346222024-07-15 2024 bl uuuu u00u1 u #d1 aPETRY, H. B. aDescritores morfoagron??micos de flores do maracujazeiro-azedo 'SCS437 Catarina'.h[electronic resource] c2024 aConhecer as caracter??sticas morfoagron??micas dos cultivares ?? importante n??o s?? para identificar um determinado cultivar, mas tamb??m para auxiliar em tomadas de decis??es para sele????o de matrizes genitoras em programas de melhoramento. O maracujazeiro-azedo (Passiflora edulis) ?? uma esp??cie de poliniza????o aberta, com flores hermafroditas que abrem uma ??nica vez. Por se tratar de uma esp??cie al??gama autoincompat??vel, a variabilidade das popula????es cultivadas ?? importante na manuten????o da produtividade dos cultivares. O objetivo do presente estudo foi avaliar os descritores morfoagron??micos do maracujazeiro-azedo ?SCS437 Catarina?. Foram analisadas flores de 87 plantas de um pomar do cultivar ?SCS437 Catarina?, implantado com mudas com aproximadamente dois metros de altura, em 5/09/2023, no munic??pio de Urussanga-SC. As flores foram coletadas ao longo do m??s de mar??o de 2024 e as medi????es realizadas com aux??lio de um paqu??metro digital e comparadas com os descritores do maracujazeiro-azedo, disponibilizados pelo MAPA. Foram avaliados 13 descritores das flores. As flores do maracujazeiro-azedo ?SCS437 Catarina? apresentaram di??metro de m??dio (>5 a 7 cm) a muito grande (> 9 cm), com 58,6% das flores classificadas como grandes (>7 a 9 cm). O comprimento da br??ctea e da s??pala foram na maioria de curto a m??dio e a largura das s??palas considerada estreita, na maioria. O di??metro da corona predominante foi classificado como m??dia a grande. Os filamentos da corona s??o 100% ondulados e com a presen??a de aneis coloridos, roxo escuro e largos. O comprimento do andrigin??foro foi considerado m??dio em 85% das flores. Quanto a presen??a de antocianinas, no androgin??foro foi considerada como ausentea ou fraca em 57,5% das flores e m??dia 40%, no filete foi considerada de m??dia (45%) a forte (38%) e no estilete, ausente ou fraca 66,7%, m??dia 23% e forte 10,3%. O maracujazeiro-azedo ?SCS437 Catarina? apresenta flores t??picas da esp??cie e com variabilidade na maioria das caracter??sticas avaliadas. aPassiflora edulis apopula????o avariabilidade1 aIBARRA, F. J. R.1 aPOLA, A. C.1 aMORETO, A. L. tIn: SIMP??SIO DE FRUTICULTURA DA REGI??O SUL, 4., 2024, Chapec??, SC. Resumos... Chapec??, SC: UFFS, 2024.